[Event "DEM U16 2014"]
[Site "Magdeburg GER"]
[Date "2014.06.11"]
[Round "6"]
[White "Bilchinski, Anton"]
[Black "Schmekel, Florian"]
[Result "1-0"]
[Termination "normal"]
[Board "6"]
[WhiteElo "1974"]
[BlackElo "1771"]
[WhiteClock "00:07:28"]
[BlackClock "00:04:42"]
[PlyCount "167"]
[WhiteFideId "24615765"]
[BlackFideId "12913456"]
[EventCountry "GER"]
[EventRounds "9"]
[EventType "swiss"]
[EventDate "2014.06.07"]

1. d4 Nf6 2. c4 e6 3. Nc3 Bb4 4. e3 c5 5. Nge2 cxd4 6. exd4 Bxc3+ 7. Nxc3 d5 8.
Be3 O-O 9. Be2 b6 10. cxd5 Nxd5 11. Nxd5 exd5 12. O-O Ba6 13. Bxa6 Nxa6 14. Bf4
Qd7 15. Rc1 Rac8 16. Qb3 Rfe8 17. Qg3 Qe6 18. a3 Rxc1 19. Bxc1 Nb8 20. h3 Nc6
21. Be3 Qe4 22. Rd1 Re6 23. Qg4 Qxg4 24. hxg4 Ne7 25. Bd2 f6 26. f3 Rc6 27. Bc3
Kf7 28. Kf2 Nc8 29. Ke3 Nd6 30. Kd3 Nc4 31. Ra1 Re6 32. b3 Re3+ 33. Kc2 Nd6 34.
Kd2 Re8 35. Bb4 Nb5 36. Kd3 a5 37. Bd2 Rc8 38. a4 Nd6 39. Bc1 Rc6 40. Ba3 Nb7
41. Re1 Rc7 42. g5 Nd8 43. gxf6 gxf6 44. Bd6 Rc6 45. Re7+ Kg6 46. Ba3 Ne6 47.
g3 Ng5 48. Rd7 Nxf3 49. Rxd5 Ne1+ 50. Kd2 Nc2 51. Bd6 Na1 52. Bf4 Nxb3+ 53. Kd3
Nc1+ 54. Ke3 Na2 55. Rd8 Rc3+ 56. Ke4 Ra3 57. Kd5 Nc3+ 58. Ke6 Kg7 59. Kf5 Kf7
60. Rd7+ Ke8 61. Rxh7 Ne2 62. d5 Nxf4 63. gxf4 Rxa4 64. Rb7 Rd4 65. Ke6 Re4+
66. Kxf6 Rxf4+ 67. Ke6 Re4+ 68. Kd6 a4 69. Rxb6 a3 70. Ra6 Re3 71. Ra8+ Kf7 72.
Kc7 Re7+ 73. Kc6 Re8 74. Rxa3 Re4 75. Ra7+ Kf6 76. d6 Rc4+ 77. Kd7 Rc1 78. Kd8
Ke6 79. d7 Rd1 80. Ra6+ Kf7 81. Ra3 Rd2 82. Rf3+ Kg6 83. Rf4 Kg5 84. Rc4 1-0

[Event "DEM U16 2014"]
[Site "Magdeburg GER"]
[Date "2014.06.11"]
[Round "6"]
[White "Richter, Leonard"]
[Black "Grigorian, Spartak"]
[Result "1/2-1/2"]
[Termination "normal"]
[Board "7"]
[WhiteElo "2127"]
[BlackElo "2186"]
[WhiteClock "00:31:49"]
[BlackClock "00:19:57"]
[PlyCount "42"]
[WhiteFideId "12900290"]
[BlackFideId "24661490"]
[EventCountry "GER"]
[EventRounds "9"]
[EventType "swiss"]
[EventDate "2014.06.07"]

1. e4 c5 2. Nf3 Nc6 3. d4 cxd4 4. Nxd4 Nf6 5. Nc3 d6 6. Bg5 e6 7. Qd2 a6 8.
O-O-O Bd7 9. Kb1 b5 10. Nxc6 Bxc6 11. f3 h6 12. Be3 d5 13. exd5 Nxd5 14. Nxd5
Bxd5 15. Bd4 Rc8 16. Bd3 Qg5 17. Qf2 Bc5 18. Bxc5 Rxc5 19. f4 Qe7 20. f5 exf5
21. Bxf5 O-O 1/2-1/2

[Event "DEM U16 2014"]
[Site "Magdeburg GER"]
[Date "2014.06.11"]
[Round "6"]
[White "Schmidt, Tobias"]
[Black "Borchert, René"]
[Result "1-0"]
[Termination "normal"]
[Board "8"]
[WhiteElo "2005"]
[BlackElo "2008"]
[WhiteClock "00:54:08"]
[BlackClock "00:45:48"]
[PlyCount "53"]
[WhiteFideId "1271683"]
[BlackFideId "12990671"]
[EventCountry "GER"]
[EventRounds "9"]
[EventType "swiss"]
[EventDate "2014.06.07"]

1. e4 e5 2. Nf3 Nc6 3. Bc4 Bc5 4. c3 Nf6 5. d4 exd4 6. e5 d5 7. Bb5 Ne4 8. cxd4
Bb4+ 9. Bd2 Nxd2 10. Bxc6+ bxc6 11. Nbxd2 c5 12. Rc1 Qe7 13. dxc5 Bxc5 14. Qc2
Bb6 15. Qc6+ Qd7 16. Qxa8 c5 17. Qb8 O-O 18. O-O Ba6 19. Qd6 Qxd6 20. exd6 Bxf1
21. Kxf1 Rd8 22. Nb3 c4 23. Nbd4 Rxd6 24. b3 Bxd4 25. Nxd4 cxb3 26. Rc8+ Rd8
27. Rxd8# 1-0

[Event "DEM U16 2014"]
[Site "Magdeburg GER"]
[Date "2014.06.11"]
[Round "6"]
[White "Niegsch, Nicolas"]
[Black "Herzum, Peter"]
[Result "1-0"]
[Termination "normal"]
[Board "9"]
[WhiteElo "2005"]
[BlackElo "1951"]
[PlyCount "85"]
[WhiteFideId "12932140"]
[BlackFideId "12919217"]
[EventCountry "GER"]
[EventRounds "9"]
[EventType "swiss"]
[EventDate "2014.06.07"]

1. e4 c5 2. Nf3 d6 3. d4 cxd4 4. Nxd4 Nf6 5. Nc3 a6 6. Bg5 Nbd7 7. Qe2 e6 8. f4
Qc7 9. O-O-O b5 10. a3 Bb7 11. g3 Nb6 12. Bxf6 gxf6 13. f5 e5 14. Nb3 Rc8 15.
Kb1 h5 16. h4 Rg8 17. Rg1 Nc4 18. Rd3 Qb6 19. Rg2 Rg4 20. Rf2 b4 21. axb4 Qxb4
22. Bh3 Rg8 23. Rff3 a5 24. Rd5 Ba6 25. Qf2 a4 26. Rb5 Bxb5 27. Nd5 Na3+ 28.
bxa3 Qxa3 29. Nxf6+ Ke7 30. Nxg8+ Ke8 31. Nf6+ Ke7 32. Nd5+ Ke8 33. Nc1 Bd3 34.
Nxd3 Rb8+ 35. N3b4 Rxb4+ 36. Nxb4 Qxb4+ 37. Kc1 a3 38. Rb3 a2 39. Rxb4 a1=Q+
40. Kd2 Bh6+ 41. Ke2 Qa6+ 42. Kf3 Qa3+ 43. Rb3 1-0

[Event "DEM U16 2014"]
[Site "Magdeburg GER"]
[Date "2014.06.11"]
[Round "6"]
[White "Beeck, Mats"]
[Black "Bohlsen, Linus"]
[Result "0-1"]
[Termination "normal"]
[Board "10"]
[WhiteElo "1877"]
[BlackElo "1888"]
[PlyCount "74"]
[WhiteFideId "12936944"]
[BlackFideId "12958093"]
[EventCountry "GER"]
[EventRounds "9"]
[EventType "swiss"]
[EventDate "2014.06.07"]

1. d4 Nf6 2. c4 c5 3. d5 b5 4. cxb5 a6 5. bxa6 g6 6. Nc3 Bxa6 7. e4 Bxf1 8.
Kxf1 d6 9. g3 Bg7 10. Kg2 O-O 11. Nf3 Nbd7 12. Qe2 Qa5 13. Bd2 Rfb8 14. Rhb1
Ng4 15. a4 Rb3 16. Ne1 h5 17. h3 Nh6 18. Nb5 Qb6 19. Bc3 Bxc3 20. Nxc3 e6 21.
dxe6 fxe6 22. Nb5 Rb4 23. b3 d5 24. exd5 exd5 25. Qd2 Nf7 26. Nc2 Re4 27. Qxd5
Rae8 28. Qxd7 R4e7 29. Qd5 Rd8 30. Qc4 Qc6+ 31. Kg1 Re4 32. Qc3 Ng5 33. Re1 Rf8
34. f4 Nxh3+ 35. Kh2 Rxe1 36. Rxe1 Nf2 37. Re7 Qh1# 0-1

[Event "DEM U16 2014"]
[Site "Magdeburg GER"]
[Date "2014.06.11"]
[Round "6"]
[White "Peters, Tom"]
[Black "Grunau, Christoph"]
[Result "1/2-1/2"]
[Termination "normal"]
[Board "11"]
[WhiteElo "1931"]
[BlackElo "2077"]
[PlyCount "83"]
[WhiteFideId "24694444"]
[BlackFideId "12929760"]
[EventCountry "GER"]
[EventRounds "9"]
[EventType "swiss"]
[EventDate "2014.06.07"]

1. e4 c5 2. Nf3 d6 3. d4 cxd4 4. Nxd4 Nf6 5. Nc3 a6 6. Be3 e5 7. Nb3 Be7 8. f3
Be6 9. Qd2 O-O 10. O-O-O a5 11. a4 Nc6 12. g4 Nb4 13. g5 Ne8 14. h4 Rc8 15. Kb1
d5 16. exd5 Bf5 17. Rc1 Qd7 18. Bb5 Qc7 19. Qf2 Bd8 20. Nc5 Nd6 21. Rhd1 Be7
22. N5e4 Qb8 23. Nxd6 Qxd6 24. Ne4 Qg6 25. d6 Bxe4 26. fxe4 Qe6 27. c4 Bxd6 28.
Qf5 Qxf5 29. exf5 Bc7 30. Rd7 Rfd8 31. Rcd1 Nc6 32. Kc2 Rxd7 33. Rxd7 Nd4+ 34.
Bxd4 exd4 35. Kd3 Kf8 36. h5 h6 37. g6 fxg6 38. fxg6 Kg8 39. Kxd4 Rd8 40. Kc5
b6+ 41. Kc6 Rxd7 42. Kxd7 1/2-1/2

[Event "DEM U16 2014"]
[Site "Magdeburg GER"]
[Date "2014.06.11"]
[Round "6"]
[White "Müller, Max"]
[Black "Scheftlein, Richard"]
[Result "1/2-1/2"]
[Termination "normal"]
[Board "12"]
[WhiteElo "1795"]
[BlackElo "1957"]
[PlyCount "76"]
[WhiteFideId "12900486"]
[BlackFideId "12945609"]
[EventCountry "GER"]
[EventRounds "9"]
[EventType "swiss"]
[EventDate "2014.06.07"]

1. e4 c6 2. d4 d5 3. Nc3 dxe4 4. Nxe4 Nd7 5. Nf3 Ngf6 6. Ng3 Qc7 7. Bd3 e6 8.
Qe2 b6 9. O-O Bb7 10. c4 h6 11. Bd2 g5 12. Rac1 g4 13. Nh4 O-O-O 14. d5 exd5
15. cxd5 Nxd5 16. Qxg4 Kb8 17. Qe2 Bg7 18. Be3 Rhe8 19. Nhf5 Be5 20. Bc4 N7f6
21. Rfd1 Nxe3 22. Nxe3 h5 23. Nxh5 Bxh2+ 24. Kf1 Rxd1+ 25. Rxd1 Be5 26. Nxf6
Bxf6 27. Qg4 Bc8 28. Qf3 Bxb2 29. Qxf7 Qxf7 30. Bxf7 Rf8 31. Bb3 c5 32. Bc4 Bd4
33. Ke2 a6 34. a4 Bd7 35. Bxa6 Bxa4 36. Rb1 Ka7 37. Bd3 Bc6 38. g3 Kb7 1/2-1/2

[Event "DEM U16 2014"]
[Site "Magdeburg GER"]
[Date "2014.06.11"]
[Round "6"]
[White "Geue, Niklas"]
[Black "Herdzik, Matthias"]
[Result "1-0"]
[Termination "normal"]
[Board "13"]
[WhiteElo "1892"]
[BlackElo "1899"]
[PlyCount "69"]
[WhiteFideId "12961043"]
[BlackFideId "12983241"]
[EventCountry "GER"]
[EventRounds "9"]
[EventType "swiss"]
[EventDate "2014.06.07"]

1. e4 c5 2. Nf3 d6 3. d4 cxd4 4. Nxd4 Nf6 5. Nc3 a6 6. Be3 e5 7. Nb3 Be6 8. f3
Nbd7 9. Qd2 b5 10. O-O-O Nb6 11. Qf2 Nc4 12. Bxc4 bxc4 13. Nc5 Qc7 14. Nxe6
fxe6 15. g4 Be7 16. Kb1 Rb8 17. g5 Qb7 18. Bc1 Nd7 19. Qg2 O-O 20. Rhg1 d5 21.
exd5 Bb4 22. dxe6 Bxc3 23. Rxd7 Qb5 24. b3 Bd4 25. Rd1 Rfe8 26. g6 h5 27. Qh3
cxb3 28. axb3 Qa5 29. Bb2 Bxb2 30. Kxb2 Rbc8 31. Qf5 Qc3+ 32. Kb1 Rf8 33. Qd3
Rxf3 34. Qxc3 Rfxc3 35. e7 1-0

[Event "DEM U16 2014"]
[Site "Magdeburg GER"]
[Date "2014.06.11"]
[Round "6"]
[White "Tesch, Davy"]
[Black "Scheinhütte, Jakob"]
[Result "0-1"]
[Termination "normal"]
[Board "14"]
[WhiteElo "1744"]
[BlackElo "1761"]
[PlyCount "111"]
[WhiteFideId "24679917"]
[BlackFideId "24693944"]
[EventCountry "GER"]
[EventRounds "9"]
[EventType "swiss"]
[EventDate "2014.06.07"]

1. d4 Nf6 2. Nf3 g6 3. Bf4 Bg7 4. e3 O-O 5. Be2 d5 6. c4 b6 7. Nc3 Bb7 8. h3 a6
9. a3 Nbd7 10. O-O e6 11. Rc1 Rc8 12. b4 dxc4 13. Bxc4 c5 14. bxc5 bxc5 15.
dxc5 Nxc5 16. Be2 Qa5 17. Nd4 Nce4 18. Nxe4 Nxe4 19. Bh2 Nc3 20. Qd2 Nxe2+ 21.
Qxe2 Qxa3 22. Ra1 Qc3 23. Rab1 Bd5 24. Qb2 Qxb2 25. Rxb2 a5 26. Ra1 Ra8 27. Ra4
Rfc8 28. Rb1 Rc4 29. Rxc4 Bxc4 30. Bd6 a4 31. Ra1 e5 32. Nc2 e4 33. Nd4 Bf8 34.
Ba3 f5 35. f3 exf3 36. gxf3 Kf7 37. Kf2 Bxa3 38. Rxa3 Ke7 39. e4 fxe4 40. fxe4
Kd6 41. Ke3 Kc5 42. h4 Bb3 43. Rxb3 axb3 44. Nxb3+ Kd6 45. Kf4 Ra4 46. Nd2 Ke6
47. Nf3 h6 48. Nh2 Ra5 49. Nf3 Ra1 50. Kg3 Kd6 51. Kf4 Rf1 52. Kg4 Kc5 53. Kg3
Ra1 54. Kf4 Kb4 55. Ne5 Rg1 56. Nf7 0-1

[Event "DEM U16 2014"]
[Site "Magdeburg GER"]
[Date "2014.06.12"]
[Round "7"]
[White "Schröder, Jan-Christian"]
[Black "Kollars, Dmitrij"]
[Result "1-0"]
[Termination "normal"]
[Board "1"]
[WhiteTitle "FM"]
[WhiteElo "2372"]
[BlackElo "2191"]
[WhiteClock "00:23:53"]
[BlackClock "00:18:17"]
[PlyCount "95"]
[WhiteFideId "24662259"]
[BlackFideId "12909572"]
[EventCountry "GER"]
[EventRounds "9"]
[EventType "swiss"]
[EventDate "2014.06.07"]

1. e4 c5 2. Nf3 Nf6 3. d3 d5 4. Nbd2 Bg4 5. h3 Bxf3 6. Qxf3 Nc6 7. c3 e6 8. Qe2
Be7 9. g3 O-O 10. e5 Nd7 11. Nf3 Re8 12. Bg2 f6 13. exf6 Bxf6 14. O-O Qc7 15.
h4 Rad8 16. Ng5 Nf8 17. Be3 Qd6 18. Qh5 Re7 19. Rae1 b5 20. Ne4 dxe4 21. Bxc5
Qe5 22. Qxe5 Nxe5 23. Bxe7 Bxe7 24. d4 Nc4 25. Re2 a5 26. Bxe4 Nb6 27. Bc2 Kf7
28. Rfe1 Bf6 29. f4 g6 30. a3 Rd6 31. Kg2 b4 32. axb4 axb4 33. Bb3 bxc3 34.
bxc3 Rc6 35. Rc2 Nd5 36. c4 Nb4 37. Rd2 Rd6 38. Red1 Nc6 39. d5 Na5 40. Ba2
exd5 41. c5 Rd8 42. Bxd5+ Kg7 43. c6 Rc8 44. Rc1 Bd8 45. Ra2 Bc7 46. Rc5 Ra8
47. Re2 Kf6 48. g4 1-0

[Event "DEM U16 2014"]
[Site "Magdeburg GER"]
[Date "2014.06.12"]
[Round "7"]
[White "Sawlin, Leonid"]
[Black "Bilchinski, Anton"]
[Result "1-0"]
[Termination "normal"]
[Board "2"]
[WhiteElo "2141"]
[BlackElo "1974"]
[WhiteClock "00:56:35"]
[BlackClock "00:15:54"]
[PlyCount "69"]
[WhiteFideId "4689542"]
[BlackFideId "24615765"]
[EventCountry "GER"]
[EventRounds "9"]
[EventType "swiss"]
[EventDate "2014.06.07"]

1. e4 c5 2. Nf3 e6 3. d4 cxd4 4. Nxd4 a6 5. Bd3 Qc7 6. O-O Nf6 7. Kh1 Bc5 8.
Nb3 Be7 9. f4 d6 10. Nc3 b5 11. a3 Bb7 12. Qe1 Nc6 13. Bd2 O-O 14. Qg3 b4 15.
axb4 Nxb4 16. Qh3 e5 17. Na5 Bc8 18. Qf3 Bg4 19. Qg3 Bd7 20. fxe5 dxe5 21. Nc4
Be6 22. Qxe5 Qd8 23. Nd5 Nfxd5 24. exd5 Nxd3 25. cxd3 Bxd5 26. Ba5 Bf6 27. Qh5
Bxg2+ 28. Kxg2 Qxd3 29. Rac1 Rac8 30. Qf3 Qg6+ 31. Kh1 Qh6 32. Bd2 Qh4 33. Qf4
Qh5 34. Qf5 Qe2 35. Rfe1 1-0

[Event "DEM U16 2014"]
[Site "Magdeburg GER"]
[Date "2014.06.12"]
[Round "7"]
[White "Mager, Denis"]
[Black "Gretz, Denis"]
[Result "1/2-1/2"]
[Termination "normal"]
[Board "3"]
[WhiteElo "2138"]
[BlackElo "2021"]
[WhiteClock "00:08:53"]
[BlackClock "00:03:41"]
[PlyCount "72"]
[WhiteFideId "24691127"]
[BlackFideId "12945188"]
[EventCountry "GER"]
[EventRounds "9"]
[EventType "swiss"]
[EventDate "2014.06.07"]

1. c4 e6 2. Nc3 d5 3. d4 c6 4. e4 dxe4 5. Nxe4 Bb4+ 6. Bd2 Qxd4 7. Bxb4 Qxe4+
8. Ne2 Na6 9. Bf8 Ne7 10. Bxg7 Rg8 11. Bc3 e5 12. Qd6 f6 13. Rd1 Kf7 14. Qd3
Qxd3 15. Rxd3 Be6 16. b3 b5 17. cxb5 cxb5 18. Rd6 Nc5 19. Ng3 Nd5 20. Bd2 a6
21. Rc6 Rac8 22. Rxc8 Rxc8 23. Be2 f5 24. f3 f4 25. Ne4 Nxe4 26. fxe4 Nf6 27.
Bd3 Bg4 28. Bb1 Bh5 29. O-O Bg6 30. Re1 Ke6 31. Bb4 Rd8 32. Ba5 Rd4 33. Bc3 Rd7
34. Ba5 Rd4 35. Bc3 Rd7 36. Ba5 Rd4 1/2-1/2

[Event "DEM U16 2014"]
[Site "Magdeburg GER"]
[Date "2014.06.12"]
[Round "7"]
[White "Perske, Thore"]
[Black "Schmidt, Tobias"]
[Result "1/2-1/2"]
[Termination "normal"]
[Board "4"]
[WhiteElo "2219"]
[BlackElo "2005"]
[WhiteClock "00:12:34"]
[BlackClock "00:16:38"]
[PlyCount "99"]
[WhiteFideId "12902195"]
[BlackFideId "1271683"]
[EventCountry "GER"]
[EventRounds "9"]
[EventType "swiss"]
[EventDate "2014.06.07"]

1. d4 d5 2. c4 dxc4 3. e4 Nf6 4. e5 Nd5 5. Bxc4 Nb6 6. Bb3 Nc6 7. Be3 Bf5 8.
Nc3 e6 9. Nf3 Qd7 10. Nh4 Bg6 11. Nxg6 hxg6 12. a4 Bb4 13. Qg4 O-O-O 14. O-O
Na5 15. Bc2 Nbc4 16. Na2 Be7 17. b3 Nb6 18. b4 Nac4 19. Bb3 Rh4 20. Qf3 Rxd4
21. Qxf7 Rd3 22. Nc1 Bxb4 23. Qxg6 Rc3 24. a5 Nd5 25. Bxc4 Rxc4 26. Bxa7 Bc3
27. Rb1 Bxe5 28. Nd3 Bxh2+ 29. Kxh2 Rh8+ 30. Kg1 Rch4 31. f3 Ne7 32. Qxg7 Qxd3
33. Qb2 b6 34. Kf2 Nf5 35. Rfe1 Rd8 36. axb6 Qd2+ 37. Qxd2 Rxd2+ 38. Re2 Rxe2+
39. Kxe2 cxb6 40. Bxb6 Kd7 41. Rd1+ Ke8 42. g4 Rh2+ 43. Bf2 Ne7 44. Rd2 Nd5 45.
Kd3 Rh3 46. Ke4 Nf6+ 47. Kf4 e5+ 48. Kxe5 Rxf3 49. g5 Ng4+ 50. Ke4 1/2-1/2

[Event "DEM U16 2014"]
[Site "Magdeburg GER"]
[Date "2014.06.12"]
[Round "7"]
[White "Pfreundt, Jakob"]
[Black "Niegsch, Nicolas"]
[Result "1/2-1/2"]
[Termination "normal"]
[Board "5"]
[WhiteElo "1982"]
[BlackElo "2005"]
[WhiteClock "00:01:37"]
[BlackClock "00:04:58"]
[PlyCount "84"]
[WhiteFideId "12918156"]
[BlackFideId "12932140"]
[EventCountry "GER"]
[EventRounds "9"]
[EventType "swiss"]
[EventDate "2014.06.07"]

1. d4 Nf6 2. c4 c5 3. d5 g6 4. Nc3 d6 5. e4 Bg7 6. Nf3 O-O 7. Be2 e6 8. O-O
exd5 9. cxd5 Re8 10. Nd2 Nbd7 11. h3 a6 12. a4 Rb8 13. Qc2 Nh5 14. Bxh5 gxh5
15. a5 b5 16. axb6 Nxb6 17. Qd3 Qf6 18. Nf3 Nd7 19. Bg5 Qg6 20. Qd2 h6 21. Bf4
Nb6 22. Qd3 c4 23. Qe3 Bxc3 24. Qxc3 Rxe4 25. Nh4 Nxd5 26. Nxg6 Nxc3 27. bxc3
fxg6 28. Bxd6 Ra8 29. Bb4 Re5 30. Rfd1 Be6 31. Rd6 Kf7 32. Rdxa6 Rxa6 33. Rxa6
g5 34. Ra7+ Kg6 35. Bf8 h4 36. Rg7+ Kf5 37. Rh7 Re1+ 38. Kh2 Rc1 39. Bg7 Kg6
40. Rxh6+ Kxg7 41. Rxe6 Rxc3 42. Rh6 Rc1 1/2-1/2

[Event "DEM U16 2014"]
[Site "Magdeburg GER"]
[Date "2014.06.12"]
[Round "7"]
[White "Bohlsen, Linus"]
[Black "Wilhelm, Till"]
[Result "1/2-1/2"]
[Termination "normal"]
[Board "6"]
[WhiteElo "1888"]
[BlackElo "1994"]
[WhiteClock "00:29:56"]
[BlackClock "00:17:30"]
[PlyCount "72"]
[WhiteFideId "12958093"]
[BlackFideId "12942391"]
[EventCountry "GER"]
[EventRounds "9"]
[EventType "swiss"]
[EventDate "2014.06.07"]

1. d4 Nf6 2. c4 g6 3. f3 Bg7 4. e4 O-O 5. Nc3 Nc6 6. Be3 e5 7. Nge2 Nh5 8. d5
Na5 9. Qa4 b6 10. g4 Nf4 11. Ng3 c6 12. O-O-O cxd5 13. Nxd5 Nxd5 14. Rxd5 Qc7
15. Kb1 d6 16. Qd1 Be6 17. Rxd6 Nxc4 18. Bxc4 Qxc4 19. b3 Qc7 20. Qd2 Rfd8 21.
Rd1 Rxd6 22. Qxd6 Qxd6 23. Rxd6 Rc8 24. Bg5 h6 25. Bd2 Bf8 26. Rd3 f6 27. h4
Kf7 28. Kb2 Ke8 29. h5 g5 30. Nf1 Rd8 31. Rxd8+ Kxd8 32. Ne3 Bc5 33. Kc2 Kd7
34. Kd3 Kc6 35. Bc3 a5 36. Nf5 Bf8 1/2-1/2

[Event "DEM U16 2014"]
[Site "Magdeburg GER"]
[Date "2014.06.12"]
[Round "7"]
[White "Grigorian, Spartak"]
[Black "Baskin, Robert"]
[Result "1/2-1/2"]
[Termination "normal"]
[Board "7"]
[WhiteElo "2186"]
[BlackElo "2222"]
[WhiteClock "00:02:43"]
[BlackClock "00:14:33"]
[PlyCount "125"]
[WhiteFideId "24661490"]
[BlackFideId "24662402"]
[EventCountry "GER"]
[EventRounds "9"]
[EventType "swiss"]
[EventDate "2014.06.07"]

1. e4 c5 2. Nf3 a6 3. c3 d5 4. exd5 Qxd5 5. d4 Nf6 6. Be2 cxd4 7. cxd4 e6 8.
O-O Be7 9. Nc3 Qd6 10. Bg5 Nc6 11. Qd2 O-O 12. Rad1 b5 13. Bd3 Bb7 14. a4 b4
15. Bxf6 Bxf6 16. Ne4 Qe7 17. Qf4 Rad8 18. Bb1 Bxd4 19. Neg5 g6 20. Nxh7 Kxh7
21. Nxd4 Rxd4 22. Rxd4 Nxd4 23. Qxd4 Rd8 24. Qf4 e5 25. Qe3 Qd6 26. Re1 Qd4 27.
Qg5 Rd6 28. h4 Qd2 29. Bxg6+ fxg6 30. Qe7+ Kg8 31. Qe8+ Kh7 32. Qf7+ Kh6 33.
Qf8+ Kh7 34. Qf7+ Kh6 35. Rxe5 Rd7 36. Qf8+ Kh7 37. Re7+ Rxe7 38. Qxe7+ Kh6 39.
Qxb7 Qc1+ 40. Kh2 Qxb2 41. Kh3 Qc3+ 42. f3 Qe1 43. Qxa6 Qh1+ 44. Kg3 Qe1+ 45.
Kg4 Qg1 46. g3 Qd4+ 47. Kh3 Qd7+ 48. g4 Qd1 49. Qb7 Qh1+ 50. Kg3 Qg1+ 51. Kh3
Qh1+ 52. Kg3 Qg1+ 53. Kf4 Qc1+ 54. Ke4 Qc4+ 55. Ke5 Qc5+ 56. Ke6 Qc4+ 57. Kd6
Qf4+ 58. Kc5 Qe5+ 59. Kc4 Qe2+ 60. Kd4 Qd2+ 61. Ke4 Qc2+ 62. Kf4 Qc1+ 63. Ke4
1/2-1/2

[Event "DEM U16 2014"]
[Site "Magdeburg GER"]
[Date "2014.06.12"]
[Round "7"]
[White "Schmekel, Florian"]
[Black "Richter, Leonard"]
[Result "0-1"]
[Termination "normal"]
[Board "8"]
[WhiteElo "1771"]
[BlackElo "2127"]
[WhiteClock "00:47:44"]
[BlackClock "00:41:14"]
[PlyCount "56"]
[WhiteFideId "12913456"]
[BlackFideId "12900290"]
[EventCountry "GER"]
[EventRounds "9"]
[EventType "swiss"]
[EventDate "2014.06.07"]

1. d4 Nf6 2. c4 g6 3. Nc3 Bg7 4. e4 d6 5. Be2 O-O 6. Bg5 h6 7. Be3 Nbd7 8. Qd2
c5 9. d5 Kh7 10. f4 a6 11. a4 Qa5 12. Ra3 Qb4 13. Qc2 Nxe4 14. Qxe4 Qxb2 15.
Nb1 Nf6 16. Qd3 Bf5 17. Rb3 Qa2 18. Qd1 Bc2 19. Ra3 Qxb1 20. Qxb1 Bxb1 21. Rb3
Be4 22. Kf2 Rfb8 23. a5 b5 24. axb6 Nd7 25. Nf3 Bc2 26. Ra3 Rxb6 27. Bd2 Rab8
28. Bd3 Bb2 0-1

[Event "DEM U16 2014"]
[Site "Magdeburg GER"]
[Date "2014.06.12"]
[Round "7"]
[White "Herzum, Peter"]
[Black "Bingert, Tim Niklas"]
[Result "0-1"]
[Termination "normal"]
[Board "9"]
[WhiteElo "1951"]
[BlackElo "2122"]
[PlyCount "74"]
[WhiteFideId "12919217"]
[BlackFideId "12917907"]
[EventCountry "GER"]
[EventRounds "9"]
[EventType "swiss"]
[EventDate "2014.06.07"]

1. e4 e5 2. Nf3 Nc6 3. Bb5 Nf6 4. O-O Nxe4 5. Re1 Nd6 6. Nxe5 Nxe5 7. Rxe5+ Be7
8. Bf1 O-O 9. Nc3 Ne8 10. Nd5 Bd6 11. Re1 c6 12. Ne3 Bc7 13. Nf5 d5 14. Ne7+
Kh8 15. Nxc8 Rxc8 16. d3 Nd6 17. Qf3 Qd7 18. Bd2 Rce8 19. g3 Kg8 20. h4 Re6 21.
Re2 Rf6 22. Qh1 Bb6 23. Bg5 Rg6 24. Bh3 Qc7 25. Re7 Qb8 26. Rae1 Bd8 27. R7e2
Bxg5 28. hxg5 Rxg5 29. Bd7 Qd8 30. Qh3 Rg6 31. Bg4 Qf6 32. c3 Qg5 33. Bc8 Rh6
34. Qd7 Qh5 35. f4 Nxc8 36. Re8 Qh1+ 37. Kf2 Rh2+ 0-1

[Event "DEM U16 2014"]
[Site "Magdeburg GER"]
[Date "2014.06.12"]
[Round "7"]
[White "Borchert, René"]
[Black "Peters, Tom"]
[Result "1/2-1/2"]
[Termination "normal"]
[Board "10"]
[WhiteElo "2008"]
[BlackElo "1931"]
[PlyCount "143"]
[WhiteFideId "12990671"]
[BlackFideId "24694444"]
[EventCountry "GER"]
[EventRounds "9"]
[EventType "swiss"]
[EventDate "2014.06.07"]

1. e4 c5 2. c3 g6 3. d4 cxd4 4. cxd4 d5 5. exd5 Nf6 6. Nc3 Nxd5 7. Qb3 Nb6 8.
Nf3 Bg7 9. Be3 O-O 10. Be2 Be6 11. Qc2 Nc6 12. O-O Nb4 13. Qd2 Nc4 14. Bxc4
Bxc4 15. Rfd1 Nd5 16. Bh6 Nxc3 17. bxc3 f6 18. Bxg7 Kxg7 19. Qe3 Bd5 20. Nd2
Rc8 21. a4 Re8 22. Qd3 Qc7 23. Rdc1 Bc4 24. Qf3 b6 25. Rab1 Red8 26. Qe3 Qd7
27. h3 Rc6 28. Qf3 Rdc8 29. Re1 Bd5 30. Qe3 Re6 31. Qd3 Qxa4 32. Rxe6 Bxe6 33.
Re1 Qd7 34. Qe3 Bf7 35. Qxe7 Qxe7 36. Rxe7 Rxc3 37. Rxa7 f5 38. Rb7 Rc6 39. Nf3
Rf6 40. Ne5 Kg8 41. Nxf7 Rxf7 42. Rxb6 Rd7 43. Rb4 Kf7 44. Kf1 Re7 45. g3 g5
46. g4 f4 47. Rb5 h6 48. h4 gxh4 49. Kg2 Re4 50. Rf5+ Kg6 51. d5 Rd4 52. Kh3
Rd1 53. Rxf4 Rxd5 54. Kxh4 h5 55. gxh5+ Rxh5+ 56. Kg4 Rg5+ 57. Kf3 Rf5 58. Ke4
Ra5 59. Rf8 Kg7 60. Rf5 Ra1 61. Rb5 Kf6 62. Rb4 Rf1 63. f3 Rh1 64. Rb6+ Ke7 65.
Kf5 Rf1 66. Rb7+ Kf8 67. f4 Ra1 68. Kg5 Ra5+ 69. f5 Ra6 70. Rc7 Rb6 71. Ra7 Rc6
72. f6 1/2-1/2

[Event "DEM U16 2014"]
[Site "Magdeburg GER"]
[Date "2014.06.12"]
[Round "7"]
[White "Scheftlein, Richard"]
[Black "Beeck, Mats"]
[Result "1/2-1/2"]
[Termination "normal"]
[Board "11"]
[WhiteElo "1957"]
[BlackElo "1877"]
[PlyCount "78"]
[WhiteFideId "12945609"]
[BlackFideId "12936944"]
[EventCountry "GER"]
[EventRounds "9"]
[EventType "swiss"]
[EventDate "2014.06.07"]

1. d4 Nf6 2. c4 g6 3. Nc3 Bg7 4. e4 d6 5. Be2 O-O 6. Nf3 e5 7. Be3 Ng4 8. Bg5
f6 9. Bh4 Qe8 10. dxe5 Nxe5 11. O-O Na6 12. Nd4 Bd7 13. Rc1 c6 14. a3 Rd8 15.
b4 Nc7 16. Nb3 Be6 17. Na5 b6 18. Nb7 Rd7 19. Nxd6 Qe7 20. c5 Ne8 21. Qc2 Nxd6
22. cxd6 Qxd6 23. Rfd1 Qb8 24. Bg3 Qb7 25. Rxd7 Bxd7 26. f4 Nf7 27. Rd1 Rd8 28.
Bc4 Kf8 29. Ne2 Bg4 30. Rxd8+ Nxd8 31. Qd3 Qd7 32. f5 Qxd3 33. Bxd3 Bxe2 34.
Bxe2 Ke7 35. Bc4 Nf7 36. Bb8 a5 37. bxa5 bxa5 38. a4 Bh6 39. Kf2 Bd2 1/2-1/2

[Event "DEM U16 2014"]
[Site "Magdeburg GER"]
[Date "2014.06.12"]
[Round "7"]
[White "Müller, Max"]
[Black "Geue, Niklas"]
[Result "1-0"]
[Termination "normal"]
[Board "12"]
[WhiteElo "1795"]
[BlackElo "1892"]
[PlyCount "49"]
[WhiteFideId "12900486"]
[BlackFideId "12961043"]
[EventCountry "GER"]
[EventRounds "9"]
[EventType "swiss"]
[EventDate "2014.06.07"]

1. e4 e6 2. d4 d5 3. Nc3 Nf6 4. Bg5 Be7 5. e5 Nfd7 6. Bxe7 Qxe7 7. f4 O-O 8.
Nf3 a6 9. Bd3 h6 10. Ne2 Qb4+ 11. Qd2 Qxb2 12. O-O c5 13. Rab1 Qa3 14. c3 f5
15. g4 g6 16. Kh1 Nc6 17. Rg1 Kh7 18. Nh4 Ne7 19. Qe3 b5 20. gxf5 gxf5 21. Qg3
Rf7 22. Nxf5 exf5 23. e6 Nf8 24. Bxf5+ Kh8 25. exf7 1-0

[Event "DEM U16 2014"]
[Site "Magdeburg GER"]
[Date "2014.06.12"]
[Round "7"]
[White "Scheinhütte, Jakob"]
[Black "Herdzik, Matthias"]
[Result "1-0"]
[Termination "normal"]
[Board "13"]
[WhiteElo "1761"]
[BlackElo "1899"]
[PlyCount "33"]
[WhiteFideId "24693944"]
[BlackFideId "12983241"]
[EventCountry "GER"]
[EventRounds "9"]
[EventType "swiss"]
[EventDate "2014.06.07"]

1. e4 c5 2. Nf3 d6 3. Nc3 Nf6 4. e5 dxe5 5. Nxe5 Nbd7 6. Nc4 g6 7. d3 Bg7 8. g3
a6 9. a4 O-O 10. Bg2 Nb6 11. Qf3 Nxc4 12. dxc4 Bg4 13. Qxb7 Rb8 14. Qxa6 Qc7
15. O-O Bc8 16. Qc6 Qa7 17. Nb5 1-0